| 000 | 00000nam##2200000za#4500 |
| 001 | 9.639335 |
| 003 | CaOODSP |
| 005 | 20250910142445 |
| 007 | cr ||||||||||| |
| 008 | 150407|2007||||xxc|||||o f|0| 0 fre|d |
| 040 | |aCaOODSP|bfre |
| 043 | |an-cn--- |
| 086 | 1 |aD2-176/2005F-PDF |
| 110 | 1 |aCanada. |bMinistère de la défense nationale. |
| 245 | 10|aPerspectives de l'extérieur : |h[ressource électronique]|bopinions de journalistes et d'analystes de la défense sur le leadership militaire au Canada / |csous la direction de Bernd Horn; réalisé pour la Presse de l'Académie canadienne de la Défense par le Bureau de publication de la 17e Escadre. |
| 260 | |aKingston - Ontario : |bDéfense nationale |cc2007. |
| 300 | |a327p.|bglossaire, index |
| 500 | |aLe n° de catalogue (D2-176/2005F) et l'ISBN (978-0-662-70551-2) de l'édition imprimée ont été incorrectement copiés dans la version PDF. |
| 590 | |a12-30-Supp|b2012-06-28 |
| 691 | 07|aCommandement militaire|2gcpds |
| 691 | 07|aOpinion publique|2gcpds |
| 691 | 07|aRelations avec les médias|2gcpds |
| 691 | 07|aLeadership|2gcpds |
| 775 | 08|tFrom the outside looking in : |w(CaOODSP)9.695190 |
| 856 | 40|ahttp://publications.gc.ca|qPDF|s1913 Ko|uhttps://publications.gc.ca/collections/collection_2011/dn-nd/D2-176-2005-fra.pdf |